Rozpoznaj kluby piłkarskie po flagach #2 - Statystyki

Ogólne statystyki
  • Ten quiz został rozwiązany 23 razy
  • Średni wynik to 11 z 12
Statystyki odpowiedzi
Obrazkowy Odpowiedź % Poprawnych
Sporting
100%
Brighton
95%
Young Boys
95%
Atletico Madryt
90%
FC Barcelona
90%
Real Madryt
90%
Tottenham
90%
Beşiktaş
85%
Celtic Glascow
85%
FC Porto
85%
West Ham
85%
Anderlecht
70%
Nie znaleziono quizów pasujących do podanych kryteriów
Rozkład punktacji
Procent ludzi z każdym wynikiem
Percentyl według liczby udzielonych odpowiedzi
Twoja historia wyników
Nie rozwiązałeś tego quizu